Local Government Act 1976 (Act 171) & subsidiary legislation

Bibliographic Details
Corporate Authors: Malaysia, Legal Research Board
Format: Book
Published: Petaling Jaya : International Law Book Services , 2010
Series:Laws of Malaysia
Subjects:

MARC

LEADER 00000cam a2200000 7i4500
001 0000153969
005 20161205.0
020 |a 9789678918268 
090 0 0 |a 342.09   |b MAL 
110 0 |a Malaysia 
240 0 0 |a Laws, etc 
245 1 0 |a Local Government Act 1976 (Act 171) & subsidiary legislation   |c Legal Research Board 
260 |a Petaling Jaya :   |b International Law Book Services ,   |c 2010 
300 |a 245p. ;   |c 24cm. 
490 0 |a Laws of Malaysia 
500 |a As at 15th June 2010 
650 0 0 |a Local government   |x Law and legislation   |z Malaysia 
710 1 |a Legal Research Board 
999 |a 00248441   |b AKTA - KOLEKSI UNDANG-UNDANG   |c AKTA   |e PERPUSTAKAAN KOMUNITI PETALING JAYA 
999 |a 00248442   |b AKTA - KOLEKSI UNDANG-UNDANG   |c AKTA   |e PERPUSTAKAAN KOMUNITI PETALING JAYA